Cesta k nevolnictví

Gespeichert in:
Bibliographische Detailangaben
1. Verfasser: Hayek, Friedrich August von
Weitere Verfasser: Bratinka, Pavel
Format: Buch
Sprache:Tschechisch
Veröffentlicht: Praha Občanský institut 1991
Ausgabe:1. vyd.
Schlagworte:
Tags: Tag hinzufügen
Keine Tags, Fügen Sie das erste Tag hinzu!

MARC

LEADER 00000nam a2200000 4500
001 c003006
005 20221214101532.3
020 |a 80-900190-0-5 
041 0 |a cze 
044 |a CZ 
245 1 0 |a Cesta k nevolnictví  |c Friedrich August Hayek ; Prekl. Pavel Bratinka 
250 |a 1. vyd. 
264 1 |a Praha  |b Občanský institut  |c 1991 
300 |a 129 s. 
610 2 0 |a totalitarizmus 
610 2 0 |a socializmus 
610 2 0 |a Hayek, F.A. 
610 2 0 |a politika 
610 2 0 |a ideológia 
610 2 0 |a riadenie 
610 2 0 |a plánovanie 
610 2 0 |a demokracia 
610 2 0 |a zákony 
610 2 0 |a sloboda 
610 2 0 |a vlastníctvo 
610 2 0 |a liberalizmus 
100 1 |a Hayek, Friedrich August von 
700 1 |a Bratinka, Pavel